| 000 | 00958cam a22002531 4500 | ||
|---|---|---|---|
| 001 | l 38000072 | ||
| 003 | DLC | ||
| 005 | 20260227111536.0 | ||
| 008 | 780407s1938 sz 000 0 eng c | ||
| 010 | _al 38000072 | ||
| 035 | _a(OCoLC)3788925 | ||
| 040 |
_aU. S. Dept. of Labor. Libr. _cCCC _dDLC |
||
| 042 | _apremarc | ||
| 050 | 0 | 0 |
_aHD4906 _b.I65 1938 |
| 082 | _a331.2 | ||
| 110 | 2 | _aInternational Labour Office | |
| 245 | 1 | 0 |
_aStatistics of hours and wages in the principal mining and manufacturing industries, incluing building and construction, and in agriculture. _cSixth item on the agenda. |
| 260 |
_aGeneva, _bInternational Labour Office, _c1938. |
||
| 300 |
_a113 p. _c24 cm. |
||
| 500 | _aAt head of title: Report VI. International Labour Conference. Twenty-fourth session, Geneva, 1938. | ||
| 650 | 0 |
_aWages _vStatistics. |
|
| 650 | 0 |
_aHours of labor _vStatistics. |
|
| 711 | 2 |
_aInternational Labor Conference _n(24th : _d1938 : _cGeneva) |
|
| 999 |
_c36254 _d36254 |
||